জীবন-বীমা পরিচয় / (Record no. 47555)
[ view plain ]
| 000 -LEADER | |
|---|---|
| fixed length control field | 00797nam a22002297a 4500 |
| 001 - CONTROL NUMBER | |
| control field | 47555 |
| 003 - CONTROL NUMBER IDENTIFIER | |
| rucl marc code | BD-RjUL |
| 005 - DATE AND TIME OF LATEST TRANSACTION | |
| control field | 20211209054336.0 |
| 008 - FIXED-LENGTH DATA ELEMENTS--GENERAL INFORMATION | |
| fixed length control field | 160809s1977 bg ||||| |||| 00| 0 ben d |
| 020 ## - INTERNATIONAL STANDARD BOOK NUMBER | |
| Terms of availability | : TK 26.00 |
| 035 ## - SYSTEM CONTROL NUMBER | |
| System control number | (BD-RjUL)47674 |
| 040 ## - CATALOGING SOURCE | |
| Original cataloging agency | BD-RjUL |
| Language of cataloging | ben |
| Transcribing agency | BD-RjUL |
| 041 ## - LANGUAGE CODE | |
| Language code of text/sound track or separate title | ben |
| 082 ## - DEWEY DECIMAL CLASSIFICATION NUMBER | |
| Edition number | 23 |
| Classification number | 368 |
| Author mark and year | BAJ 1977 |
| 100 ## - MAIN ENTRY--PERSONAL NAME | |
| Personal name | বড়ুয়া, জিতেন্দ্র লাল |
| 9 (RLIN) | 144553 |
| 245 10 - TITLE STATEMENT | |
| Title | জীবন-বীমা পরিচয় / |
| Statement of responsibility, etc. | জিতেন্দ্র লাল বড়ুয়া |
| 260 ## - PUBLICATION, DISTRIBUTION, ETC. (IMPRINT) | |
| Place of publication, distribution, etc. | ঢাকা : |
| Name of publisher, distributor, etc. | বাংলাএকাডেমী, |
| Date of publication, distribution, etc. | ১৯৭৭ |
| 300 ## - PHYSICAL DESCRIPTION | |
| Pagination | [১৮], ৩৩২ পৃ. ; |
| Size | ২১ সেমি. |
| 650 ## - SUBJECT ADDED ENTRY--TOPICAL TERM | |
| Topical term or geographic name as entry element | Insurance |
| 9 (RLIN) | 144554 |
| Topical term or geographic name as entry element | বীমা |
| 9 (RLIN) | 124735 |
| 942 ## - ADDED ENTRY ELEMENTS (KOHA) | |
| Source of classification or shelving scheme | Dewey Decimal Classification |
| Koha item type | Books |
| Lost status | Source of classification or shelving scheme | Damaged status | Not for loan | Collection code | Permanent Location | Current Location | Shelving location | Date acquired | Source of acquisition | Cost, normal purchase price | Total Checkouts | Full call number | Date last seen | Copy number | Koha item type |
|---|---|---|---|---|---|---|---|---|---|---|---|---|---|---|---|
| Dewey Decimal Classification | Non-fiction | Central Library, University of Rajshahi | Central Library, University of Rajshahi | 07/08/1984 | Impirial books,Rajshahi | 26.00 | B 368 BAJ 1977 | 09/08/2016 | C-2 | Books | |||||
| Dewey Decimal Classification | Non-fiction | Central Library, University of Rajshahi | Central Library, University of Rajshahi | 07/08/1984 | Impirial books,Rajshahi | 26.00 | B 368 BAJ 1977 | 09/08/2016 | C-3 | Books | |||||
| Dewey Decimal Classification | Non-fiction | Central Library, University of Rajshahi | Central Library, University of Rajshahi | 07/08/1984 | Imperial books | 26.00 | B 368 BAJ 1977 | 10/08/2016 | C-4 | Books | |||||
| Dewey Decimal Classification | Non-fiction | Central Library, University of Rajshahi | Central Library, University of Rajshahi | 07/08/1984 | Imperial books | 25.00 | B 368 BAJ 1977 | 10/08/2016 | C-5 | Books | |||||
| Dewey Decimal Classification | Non-fiction | Central Library, University of Rajshahi | Central Library, University of Rajshahi | 07/08/1984 | Imperial books | 26.00 | B 368 BAJ 1977 | 10/08/2016 | C-6 | Books | |||||
| Dewey Decimal Classification | Non-fiction | Central Library, University of Rajshahi | Central Library, University of Rajshahi | 07/08/1984 | Imperial books | 26.00 | B 368 BAJ 1977 | 10/08/2016 | C-7 | Books | |||||
| Dewey Decimal Classification | Non-fiction | Central Library, University of Rajshahi | Central Library, University of Rajshahi | 26/06/1978 | Uro book , Rajshahi | 26.00 | B 368 BAJ 1977 | 10/08/2016 | C-8 | Books | |||||
| Dewey Decimal Classification | Non-fiction | Central Library, University of Rajshahi | Central Library, University of Rajshahi | 07/08/1984 | Imperial books | 26.00 | B 368 BAJ 1977 | 10/08/2016 | C-9 | Books | |||||
| Dewey Decimal Classification | Non-fiction | Central Library, University of Rajshahi | Central Library, University of Rajshahi | 07/08/1984 | Imperial books | 0.00 | B 368 BAJ 1977 | 10/08/2016 | C-10 | Books | |||||
| Dewey Decimal Classification | Not For Loan | Non-fiction | Central Library, University of Rajshahi | Central Library, University of Rajshahi | Reading Room | 07/08/1984 | Imperial books | 26.00 | B 368 BAJ 1977 | 22/08/2016 | C-1 | Books |